Statistics for C Cities By Picture

Click here to take the quiz!

General Stats

  • This quiz has been taken 32 times
  • The average score is 4 of 15

Answer Stats

Answer % Correct
Cairo
96%
Chicago
82%
Cape Town
68%
Cologne
54%
Caracas
29%
Copenhagen
18%
Casablanca
14%
Calgary
11%
Chongqing
11%
Cleveland
11%
Córdoba
11%
Charlotte
7%
Colon
4%
Catania
4%
Colorado Springs
4%

Score Distribution

Percentile by Number Answered

Percent of People with Each Score

Your Score History

You have not taken this quiz